Elveda güzel vatanım/ (Record no. 65765)
| 000 -BAŞLIK | |
|---|---|
| Sabit Uzunluktaki Kontrol Alanı | 01735nam a22003497a 4500 |
| 001 - KONTROL NUMARASI | |
| Control Dosyası | 0065430 |
| 003 - KONTROL NUMARASI KİMLİĞİ | |
| Kontrol Alanı | KOHA_MİRAKIL |
| 005 - EN SON İŞLEM TARİHİ ve ZAMANI | |
| Kontrol Alanı | 20260207004600.0 |
| 007 - FİZİKSEL TANIM SABİT ALAN - GENEL BİLGİ | |
| Sabit uzunluklu kontrol alanı | |
| 008 - SABİT UZUNLUKTAKİ VERİ ÖGELERİ - GENEL BİLGİ | |
| Sabit Alan | 200319b2015 tu |||gr||||#0|||1|tur | |
| 020 ## - ISBN - ULUSLARARASI STANDART KİTAP NUMARASI | |
| Isbn | 9786051419480 |
| Kullanılabilirlik koşulları | xxxxx |
| 040 ## - KATALOGLAMA KAYNAĞI | |
| Özgün Kataloglama Kurumu | TR-BiSEU |
| Kataloglama Dili | tur |
| Çeviri Kurumu | TR-BiSEU |
| Açıklama Kuralları | rda |
| 041 0# - DİL KODU | |
| Metin ya da ses kaydının dil kodu | tur |
| 044 ## - YAYINLAYAN/ÜRETEN KURULUŞUN ÜLKE KODU | |
| ISO country code | tu |
| 050 ## - SINIFLAMA ve YER NUMARASI | |
| Sınıflama Numarası | PL248.U45 |
| Yer Numarası | E48 2015 |
| 100 1# - KİŞİ ADI | |
| Yazar Adı (Kişi adı) | Ümit, Ahmet. |
| 245 1# - ESER ADI BİLDİRİMİ | |
| Başlık | Elveda güzel vatanım/ |
| Sorumluluk Bildirimi | Ahmet Ümit ; Ahmet Ümit; editör Mehmet Said Aydın; kapak tasarımı Füsun Turcan Elmasoğlu; sayfa tasarımı Zülal Bakacak; son okuma Ahmet Özel. |
| 264 #1 - ÜRERİM, YAYIN, DAĞITIM ve TELİF BİLDİRİMİ | |
| Yayın yeri | İstanbul : |
| Yayınlayan | Everest Yayınları |
| Yayın tarihi | 2015 |
| 300 ## - FİZİKSEL TANIMLAMA | |
| Sayfa, Cilt vb. | 558 sayfa: resimli; 23 cm. |
| 336 ## - İÇERİK TÜRÜ | |
| Content type term | metin |
| Content type code | txt |
| Source | rdacontent |
| 337 ## - MEDYA TÜRÜ | |
| Media type term | aracısız |
| Media type code | n |
| Source | rdamedia |
| 338 ## - TAŞIYICI TÜRÜ | |
| Carrier type term | cilt |
| Carrier type code | nc |
| Source | rdacarrier |
| 490 1# - DİZİ BİLDİRİMİ | |
| Dizi Bildirimi | Everest yayınları ; |
| Cilt Numarası | 1474. |
| 490 1# - DİZİ BİLDİRİMİ | |
| Dizi Bildirimi | Türkçe Edebiyat ; |
| Cilt Numarası | 550. |
| 500 ## - GENEL NOT | |
| Genel Not | Kaynakça var. |
| 505 ## - İÇİNDEKİLER NOTU | |
| İçindekiler Notu | 1926 yılının o hüzünlü sonbaharı. Osmanlı İmparatorluğu yıkılmış, genç cumhuriyet ayaklarının üzerinde durmaya çalışıyor. O büyük altüst oluşun içinde bir adam: Şehsuvar Sami... Bir zamanların İttihat ve Terakki fedaisi, şimdilerin yorgun komitacısı. Şehsuvar Sami'nin etrafında dönen amansız bir entrika. Bir yanda kaybettiği ama hiçbir zaman yüreğinden çıkartamadığı sevgilisi Ester, öte yanda yaşanılan tarihsel bozgun... Kaybedilen bir ülke, kaybedilen bir şehir, kaybedilen bir hayat. Ve aklında hep aynı soru: Devlet mi kutsaldır, yoksa insan mı? |
| 650 #0 - KONU BAŞLIĞI EK GİRİŞ - KONU TERİMİ | |
| Konusal terim veya coğrafi ad | Türk edebiyatı--Roman. |
| 9 (RLIN) | 3222 |
| 830 1# - SERİ EK GİRİŞİ - TEKBİÇİM ESER ADI | |
| Tekbiçim Başlık | Everest yayınları ; |
| Volume number/sequential designation | 1474. |
| 9 (RLIN) | 28459 |
| 830 1# - SERİ EK GİRİŞİ - TEKBİÇİM ESER ADI | |
| Tekbiçim Başlık | Türkçe Edebiyat ; |
| Volume number/sequential designation | 550. |
| 9 (RLIN) | 6424 |
| 907 ## - LOCAL DATA ELEMENT G, LDG (RLIN) | |
| a | Roman |
| 942 ## - EK GİRİŞ ÖGELERİ (KOHA) | |
| Source of classification or shelving scheme | Library of Congress Classification |
| Koha item type | Book |
| Materyal Türü | Kalıcı Konum | Mevcut Konum | Sınıflandırma Kaynağı | Edinim Bilgisi | Ana Konular | Alt Konular | Yer Numarası | Demirbaş Numarası | Fatura Tarihi | Geri Çekilme Durumu | Kayıp Durumu | Hasarlı Durumu | Kredi için değil | Kayıt Tarih | Toplam Ödünçverme | Son Görülme Tarihi | Son Kontrol Tarihi | Genel / Bağış Notu |
|---|---|---|---|---|---|---|---|---|---|---|---|---|---|---|---|---|---|---|
| Book | BŞEÜ Bozüyük MYO Kütüphanesi | BŞEÜ Bozüyük MYO Kütüphanesi | Library of Congress Classification | Bağış | DİL VE EDEBİYAT | Doğu Asya, Afrika, Okyanusya Dilleri ve Edebiyatları | PL248.U45 E48 2015 | 0065430 | 02/02/2026 | 19/03/2020 | 05/03/2025 | 05/03/2025 | Genel Bağış |
